000 00612nam a2200205 i 4500
001 127612
003 ES-MaACL
005 20250802222147.0
007 t|
008 070214m19551962sp r ||||1| spa d
080 _a711
100 1 _aRigotti, Giorgio.
_997216
245 1 0 _aUrbanismo /
_cGiorgio Rigotti ; traducción del italiano bajo la dirección de Francisco Folguera.
260 _aBarcelona :
_bLabor,
_c1955-1562.
300 _a2 v. :
_bil. ;
_c26 cm.
650 7 _aUrbanismo
_2embne
_917692
700 1 _aFolguera, Francisco.
_951464
852 4 _aES-MaACL
_jC-22816-17
999 _c127612
_d127612